000 00582nam a2200181Ia 4500
005 20250508155859.0
008 008 250505s9999 xx 000 0 eng d
037 _aBooks to be hide in OPAC
040 _aFEDL
_beng
_cFEDL
041 _aeng
_2eng
084 _a407, NCE/O
_qFEDL
245 0 _aPosition of teaching english in the school curriculum, 1962-63
245 0 _cNCERT (New Delhi India)
260 _aNew Delhi, India
_bNational Council of Educational Research and Training
_c1963
300 _a13p
942 _cHB
_h407, NCE/O
999 _c1359824
_d1359824